[Event "PRO League Group Stage"]
[Site "chess.com INT"]
[Date "2020.02.17"]
[Round "7"]
[White "Klein, David"]
[Black "Neiksans, Arturs"]
[Result "1/2-1/2"]
[WhiteTitle "GM"]
[BlackTitle "GM"]
[WhiteElo "2495"]
[BlackElo "2560"]
[WhiteTeam "Netherlands Mosquitoes"]
[BlackTeam "Sweden Wasabis"]
[WhiteFideId "1003623"]
[BlackFideId "11601388"]
[EventDate "2020.01.06"]

1. e4 e5 2. Nf3 Nc6 3. Bb5 a6 4. Bxc6 dxc6 5. O-O Qf6 6. d4 exd4 7. Bg5 Qg6 8.
Qxd4 Be6 9. Bf4 Nf6 10. Nc3 c5 11. Qe3 O-O-O 12. Ne5 Qh5 13. f3 Bd6 14. Nd3 Bxf4
15. Nxf4 Qe5 16. Rad1 b6 17. h3 h6 18. Nxe6 Qxe6 19. f4 Kb8 20. Rd3 Rhe8 21. Re1
Qc6 22. Qd2 Rxd3 23. Qxd3 Kb7 24. e5 Nh5 25. Re4 g6 26. Qd5 Re7 27. g4 Ng7 28.
Kf2 Rd7 29. Qxc6+ Kxc6 30. Ke2 b5 31. Nd1 Ne6 32. Ne3 Rd4 33. Rxd4 cxd4 34. Ng2
Kd5 35. Kf3 g5 36. h4 gxf4 37. Nxf4+ Kxe5 38. Nd3+ Kd5 39. Nb4+ Kd6 40. Nxa6 c5
41. Ke4 b4 42. b3 Kc6 43. g5 hxg5 44. h5 Kb6 45. Nb8 Kc7 46. Na6+ Kb6 47. Nb8
Kc7 48. Na6+ Kb6 1/2-1/2

[Event "PRO League Group Stage"]
[Site "chess.com INT"]
[Date "2020.02.17"]
[Round "7"]
[White "Van der Lende, Ilias"]
[Black "Hellers, Ferdinand"]
[Result "1-0"]
[WhiteTitle "IM"]
[BlackTitle "GM"]
[WhiteElo "2393"]
[BlackElo "2592"]
[WhiteTeam "Netherlands Mosquitoes"]
[BlackTeam "Sweden Wasabis"]
[WhiteFideId "1019260"]
[BlackFideId "1700022"]
[EventDate "2020.01.06"]

1. d4 d5 2. c4 e6 3. Nf3 c5 4. cxd5 exd5 5. Nc3 Nc6 6. g3 Nf6 7. Bg2 cxd4 8.
Nxd4 Qb6 9. Nxc6 bxc6 10. O-O Be7 11. e4 dxe4 12. Nxe4 O-O 13. Be3 Qxb2 14. Bd4
Qa3 15. Nxf6+ Bxf6 16. Bxf6 gxf6 17. Qh5 Kg7 18. Rac1 Rb8 19. Be4 h6 20. Rxc6
Qxa2 21. Rc7 Be6 22. Qg6+ 1-0

[Event "PRO League Group Stage"]
[Site "chess.com INT"]
[Date "2020.02.17"]
[Round "7"]
[White "Niemann, Hans Moke"]
[Black "Narciso Dublan, Marc"]
[Result "1-0"]
[WhiteTitle "IM"]
[BlackTitle "GM"]
[WhiteElo "2465"]
[BlackElo "2491"]
[WhiteTeam "Norway Gnomes"]
[BlackTeam "Spain Raptors"]
[WhiteFideId "2093596"]
[BlackFideId "2201500"]
[EventDate "2020.01.06"]

1. Nf3 d5 2. c4 d4 3. b4 Bg4 4. Qb3 Bxf3 5. Qxf3 c6 6. Bb2 e5 7. c5 a5 8. e3
axb4 9. exd4 exd4 10. Bc4 Nf6 11. Qg3 Qe7+ 12. Kd1 Ne4 13. Qf4 Nxc5 14. Re1 Ne6
15. Qf5 g6 16. Qh3 Bg7 17. Bxe6 O-O 18. Bb3 Qf6 19. Qf3 Qd6 20. d3 Nd7 21. Nd2
Qxh2 22. Nc4 Nc5 23. Kc2 b5 24. Nd2 Qc7 25. Qg4 Nxb3 26. axb3 Rxa1 27. Bxa1 c5
28. Qe4 h5 29. g4 hxg4 30. Qxg4 Ra8 31. Qf3 Rd8 32. Bb2 Rc8 33. Qe4 Qd7 34. f4
Qg4 35. Qb7 c4 36. bxc4 bxc4 37. Nxc4 Rxc4+ 38. dxc4 d3+ 39. Kb3 d2 40. Re8+ Bf8
41. Rxf8+ Kxf8 42. Qxb4+ Ke8 43. Qxd2 Qf3+ 44. Bc3 Qb7+ 45. Bb4 Qf3+ 46. Kb2 f6
47. Qe1+ Kf7 48. Qe7+ Kg8 49. Qxf6 Qf2+ 50. Kb3 Qf3+ 51. Bc3 Qb7+ 52. Ka4 Qd7+
53. Kb4 Qb7+ 54. Kc5 1-0

[Event "PRO League Group Stage"]
[Site "chess.com INT"]
[Date "2020.02.17"]
[Round "7"]
[White "Holm, Kristian Stuvik"]
[Black "Diaz Camallonga, Carles"]
[Result "1/2-1/2"]
[WhiteTitle "IM"]
[BlackTitle "IM"]
[WhiteElo "2484"]
[BlackElo "2474"]
[WhiteTeam "Norway Gnomes"]
[BlackTeam "Spain Raptors"]
[WhiteFideId "1508083"]
[BlackFideId "22235256"]
[EventDate "2020.01.06"]

1. c4 e6 2. Nc3 d5 3. d4 Be7 4. Nf3 Nf6 5. Bf4 O-O 6. e3 Nbd7 7. a3 c5 8. cxd5
Nxd5 9. Nxd5 exd5 10. dxc5 Nxc5 11. Be5 Bf5 12. Be2 Bf6 13. Bxf6 Qxf6 14. Nd4
Ne6 15. Nxf5 Qxf5 16. O-O Rfd8 17. Bg4 Qe5 18. Bxe6 fxe6 19. Qb3 b6 20. Rac1
Rac8 21. h3 Qd6 22. Qa4 a5 23. Rfd1 Rc5 24. b4 axb4 25. axb4 Rc7 26. Rxc7 Qxc7
27. Ra1 Rc8 28. Qa7 Qxa7 29. Rxa7 Kf8 30. Rb7 Rc1+ 31. Kh2 Rc6 32. g4 Rd6 33.
Kg3 e5 34. f4 exf4+ 35. Kxf4 Re6 36. Kf3 h6 37. h4 1/2-1/2

[Event "PRO League Group Stage"]
[Site "chess.com INT"]
[Date "2020.02.17"]
[Round "7"]
[White "Asis Gargatagli, Hipolito"]
[Black "Narayanan, Srinath"]
[Result "0-1"]
[WhiteTitle "GM"]
[BlackTitle "GM"]
[WhiteElo "2490"]
[BlackElo "2535"]
[WhiteTeam "Spain Raptors"]
[BlackTeam "Norway Gnomes"]
[WhiteFideId "2260735"]
[BlackFideId "5018420"]
[EventDate "2020.01.06"]

1. e4 e5 2. Nf3 Nc6 3. Bc4 Bc5 4. c3 Nf6 5. d3 d6 6. Bg5 h6 7. Bh4 g5 8. Bg3 a6
9. a4 Ba7 10. Nbd2 O-O 11. O-O Nh7 12. b4 Qf6 13. b5 Ne7 14. bxa6 bxa6 15. d4
Ng6 16. Rb1 h5 17. h3 g4 18. hxg4 Bxg4 19. Be2 h4 20. Bh2 h3 21. g3 exd4 22.
cxd4 Rfe8 23. Rb7 c5 24. d5 c4 25. Bxc4 Ng5 26. Be2 Nxe4 27. Nxe4 Rxe4 0-1

[Event "PRO League Group Stage"]
[Site "chess.com INT"]
[Date "2020.02.17"]
[Round "7"]
[White "Herrera Reyes, Jose Antonio"]
[Black "Hammer, Jon Ludvig"]
[Result "0-1"]
[WhiteTitle "FM"]
[BlackTitle "GM"]
[WhiteElo "2304"]
[BlackElo "2628"]
[WhiteTeam "Spain Raptors"]
[BlackTeam "Norway Gnomes"]
[WhiteFideId "2274914"]
[BlackFideId "1503707"]
[EventDate "2020.01.06"]

1. Nf3 c5 2. g3 g6 3. d3 Bg7 4. e4 Nc6 5. h4 h6 6. c3 d5 7. Qe2 d4 8. Bg2 Bg4 9.
Qc2 e5 10. cxd4 Bxf3 11. Bxf3 Nxd4 12. Qa4+ b5 13. Qd1 Ne7 14. h5 g5 15. Bg4 O-O
16. O-O Nec6 17. Nc3 a6 18. Be3 Qd6 19. Rc1 Kh8 20. Bh3 Rad8 21. f4 exf4 22.
gxf4 gxf4 23. Bxf4 Be5 24. Nd5 Rg8+ 25. Kh1 Bxf4 26. Rxf4 Rg3 27. Qf1 Ne5 28.
Rf6 Qf8 29. Bg2 Rg4 30. Ne3 Rg5 31. Rxa6 Qg7 32. Rxc5 Rxh5+ 33. Bh3 Qg3 34. Qf6+
Kh7 35. Qxf7+ Nxf7 36. Rxh5 Qf3+ 0-1

[Event "PRO League Group Stage"]
[Site "chess.com INT"]
[Date "2020.02.17"]
[Round "7"]
[White "Brunello, Sabino"]
[Black "Gozzoli, Yannick"]
[Result "1-0"]
[WhiteTitle "GM"]
[BlackTitle "GM"]
[WhiteElo "2536"]
[BlackElo "2604"]
[WhiteTeam "Italy Gladiators"]
[BlackTeam "France Roosters"]
[WhiteFideId "813613"]
[BlackFideId "616915"]
[EventDate "2020.01.06"]

1. e4 e5 2. Nf3 Nc6 3. Bb5 a6 4. Ba4 Nf6 5. d3 d6 6. c4 Be7 7. Nc3 O-O 8. h3 Nd4
9. Nxd4 exd4 10. Ne2 c5 11. O-O Rb8 12. Ng3 b5 13. Bc2 g6 14. b3 Re8 15. f4 Nd7
16. Bd2 Bf8 17. Qf3 Bg7 18. Rae1 Bb7 19. Qf2 Qh4 20. Nh1 Qxf2+ 21. Nxf2 Bc6 22.
g4 f6 23. h4 b4 24. a4 h6 25. Kh2 Nb6 26. Bd1 Nc8 27. g5 fxg5 28. hxg5 hxg5 29.
fxg5 Bd7 30. Ng4 Bxg4 31. Bxg4 Na7 32. Kg2 Rb7 33. e5 Bxe5 34. Rf6 Kg7 35. Rxd6
Bxd6 36. Rxe8 Re7 37. Rd8 Bc7 38. Rd5 Nc6 39. Rxc5 Ne5 40. Be2 Nxc4 41. Rxc4
Rxe2+ 42. Kf3 Rxd2 43. Rxc7+ Kf8 44. Ke4 Rb2 45. Ra7 Rxb3 46. Rxa6 Ra3 47. Rxg6
b3 48. Rb6 Rxa4 49. Rxb3 Kg7 50. Rb6 Ra5 51. g6 Ra4 52. Rd6 1-0

[Event "PRO League Group Stage"]
[Site "chess.com INT"]
[Date "2020.02.17"]
[Round "7"]
[White "Valsecchi, Alessio"]
[Black "Libiszewski, Fabien"]
[Result "0-1"]
[WhiteTitle "GM"]
[BlackTitle "GM"]
[WhiteElo "2512"]
[BlackElo "2522"]
[WhiteTeam "Italy Gladiators"]
[BlackTeam "France Roosters"]
[WhiteFideId "818860"]
[BlackFideId "616834"]
[EventDate "2020.01.06"]

1. c4 e5 2. g3 Nf6 3. Bg2 h6 4. Nc3 Bb4 5. Nf3 Bxc3 6. dxc3 d6 7. Nd2 Nc6 8. e4
Be6 9. Qe2 Qd7 10. h3 a6 11. Nf1 Na5 12. Ne3 Qa4 13. b4 Nc6 14. O-O O-O 15. f4
exf4 16. gxf4 Rae8 17. e5 dxe5 18. f5 Bc8 19. Nd5 Nxd5 20. cxd5 Ne7 21. f6 Ng6
22. Be4 Qd7 23. Rf5 Qb5 24. c4 Qxb4 25. Rb1 Qd6 26. Rf3 Nf4 27. Rxf4 exf4 28.
Bb2 g6 29. Qd3 Rxe4 30. Qxe4 Bf5 31. Qe1 Qc5+ 32. Kh2 Bxb1 33. Qh4 Kh7 34. Qxf4
Re8 35. Bc1 g5 36. Qf3 Qxc4 0-1

[Event "PRO League Group Stage"]
[Site "chess.com INT"]
[Date "2020.02.17"]
[Round "7"]
[White "Vachier-Lagrave, Maxime"]
[Black "Dvirnyy, Danyyil"]
[Result "1-0"]
[WhiteTitle "GM"]
[BlackTitle "GM"]
[WhiteElo "2770"]
[BlackElo "2485"]
[WhiteTeam "France Roosters"]
[BlackTeam "Italy Gladiators"]
[WhiteFideId "623539"]
[BlackFideId "817570"]
[EventDate "2020.01.06"]

1. e4 e6 2. d4 d5 3. exd5 exd5 4. Nf3 Bd6 5. c4 Nf6 6. c5 Be7 7. Bd3 O-O 8. O-O
b6 9. Be3 Ng4 10. Bf4 bxc5 11. dxc5 Na6 12. Nc3 Nf6 13. c6 Nb4 14. Nd4 Bg4 15.
Be2 Bxe2 16. Ncxe2 Qe8 17. Qa4 Nd3 18. Bxc7 Nxb2 19. Qa6 Qc8 20. Qb7 Na4 21. Bg3
Re8 22. Nb5 Qg4 23. Nc7 Nc5 24. Nxe8 Rxe8 25. Qxa7 Qxe2 26. Rae1 1-0

[Event "PRO League Group Stage"]
[Site "chess.com INT"]
[Date "2020.02.17"]
[Round "7"]
[White "Bacrot, Etienne"]
[Black "Gilevych, Artem"]
[Result "1-0"]
[WhiteTitle "GM"]
[BlackTitle "IM"]
[WhiteElo "2679"]
[BlackElo "2415"]
[WhiteTeam "France Roosters"]
[BlackTeam "Italy Gladiators"]
[WhiteFideId "605506"]
[BlackFideId "14121379"]
[EventDate "2020.01.06"]

1. e4 e6 2. d4 d5 3. Nc3 Bb4 4. exd5 exd5 5. Bd3 Nc6 6. Nf3 Bg4 7. a3 Be7 8. h3
Bh5 9. g4 Bg6 10. Bxg6 hxg6 11. Qe2 Nf6 12. g5 Ne4 13. Nxe4 dxe4 14. Qxe4 O-O
15. Be3 Re8 16. Qg4 Qd5 17. O-O Bd6 18. b3 Re4 19. Qg2 Qf5 20. Rfe1 Rae8 21. c4
Na5 22. Nd2 R4e7 23. b4 Nc6 24. Nf3 Bf4 25. d5 Ne5 26. Nh4 Qxg5 27. Qxg5 Bxg5
28. Bxg5 f6 29. Bf4 Nxc4 30. Rxe7 Rxe7 31. Nxg6 Re4 32. h4 Kf7 33. h5 b5 34. Rc1
a6 35. Kg2 Rd4 36. Re1 Rxd5 37. Re7+ Kg8 38. h6 gxh6 39. Bxh6 1-0

[Event "PRO League Group Stage"]
[Site "chess.com INT"]
[Date "2020.02.17"]
[Round "7"]
[White "Klekowski, Maciej"]
[Black "Kollars, Dmitrij"]
[Result "0-1"]
[WhiteTitle "IM"]
[BlackTitle "GM"]
[WhiteElo "2515"]
[BlackElo "2592"]
[WhiteTeam "Poland Hussars"]
[BlackTeam "Germany Bears"]
[WhiteFideId "1132717"]
[BlackFideId "12909572"]
[EventDate "2020.01.06"]

1. e4 e5 2. Nf3 Nc6 3. Bb5 a6 4. Ba4 Nf6 5. O-O Be7 6. Re1 b5 7. Bb3 d6 8. c3
O-O 9. h3 Bb7 10. d4 Re8 11. Nbd2 Bf8 12. a4 exd4 13. cxd4 Nb4 14. d5 c6 15.
dxc6 Bxc6 16. Nd4 Bb7 17. axb5 axb5 18. Rxa8 Bxa8 19. Nxb5 Qb6 20. Nc3 Nd3 21.
Re3 Nxf2 22. Kxf2 d5 23. Na4 Qa7 24. Nf3 Rxe4 25. Ke2 Bc6 26. Nc3 Rb4 27. Nxd5
Qa6+ 28. Kf2 Bxd5 29. Bxd5 Bc5 30. Ng5 Nxd5 31. Qxd5 Bxe3+ 32. Kxe3 Qa7+ 33. Kf3
Rb8 34. Be3 Qe7 35. Bd4 h6 36. Ne4 Rd8 37. Qe5 Qf8 0-1

[Event "PRO League Group Stage"]
[Site "chess.com INT"]
[Date "2020.02.17"]
[Round "7"]
[White "Kashlinskaya, Alina"]
[Black "Mons, Leon"]
[Result "0-1"]
[WhiteTitle "IM"]
[BlackTitle "GM"]
[WhiteElo "2484"]
[BlackElo "2554"]
[WhiteTeam "Poland Hussars"]
[BlackTeam "Germany Bears"]
[WhiteFideId "4198026"]
[BlackFideId "4614950"]
[EventDate "2020.01.06"]

1. d4 Nf6 2. c4 e6 3. Nc3 Bb4 4. Qc2 O-O 5. e4 d5 6. e5 Ne4 7. Bd3 c5 8. Ne2
cxd4 9. Nxd4 Nd7 10. Bf4 Qh4 11. g3 Qh5 12. O-O g5 13. cxd5 Bxc3 14. bxc3 exd5
15. Be3 Nxe5 16. f3 Nxd3 17. Qxd3 Nc5 18. Qb5 b6 19. Qc6 Bh3 20. Qxd5 Rfd8 21.
Qxg5+ Qxg5 22. Bxg5 Rd5 23. Bf6 Bxf1 24. Rxf1 Re8 25. g4 Kf8 26. Kf2 Nd3+ 27.
Kg3 Re1 28. Rxe1 Nxe1 29. h4 Ra5 30. Nf5 Rxa2 31. h5 a5 32. Bd4 Rb2 33. c4 Rb3
34. c5 Rxf3+ 35. Kh4 Rxf5 36. gxf5 Nf3+ 0-1

[Event "PRO League Group Stage"]
[Site "chess.com INT"]
[Date "2020.02.17"]
[Round "7"]
[White "Tomczak, Jacek"]
[Black "Plichta, Kamil"]
[Result "1-0"]
[WhiteTitle "GM"]
[BlackTitle "FM"]
[WhiteElo "2603"]
[BlackElo "2353"]
[WhiteTeam "Germany Bears"]
[BlackTeam "Poland Hussars"]
[WhiteFideId "1124668"]
[BlackFideId "1141830"]
[EventDate "2020.01.06"]

1. e4 c5 2. Nf3 e6 3. d4 cxd4 4. Nxd4 Nf6 5. Nc3 Nc6 6. Nxc6 bxc6 7. e5 Nd5 8.
Ne4 Bb7 9. Bd3 Qc7 10. f4 c5 11. c4 Nb4 12. O-O Nxd3 13. Qxd3 Qc6 14. Re1 Be7
15. Re2 Rd8 16. Nd6+ Bxd6 17. exd6 O-O 18. Bd2 f6 19. Bc3 Rde8 20. Rf1 Qb6 21.
Re3 Rf7 22. Rh3 g6 23. Rg3 Ref8 24. h4 Rg7 25. Re1 Qc6 26. Ree3 Rff7 27. b3 Qa6
28. Qd2 Qb6 29. Re2 Qd8 30. Rd3 Bc6 31. Ba5 Qf8 32. Bc3 h6 33. Rg3 Kh7 34. Qd3
Rg8 35. Rf2 Qa8 36. Re3 f5 37. Re5 Qd8 38. g3 g5 39. hxg5 hxg5 40. Rh2+ Kg6 41.
Qe2 g4 42. Rxe6+ dxe6 43. Qxe6+ Rf6 44. Bxf6 Qd7 45. Qxg8+ 1-0

[Event "PRO League Group Stage"]
[Site "chess.com INT"]
[Date "2020.02.17"]
[Round "7"]
[White "Braun, Arik"]
[Black "Polok, Kacper"]
[Result "1-0"]
[WhiteTitle "GM"]
[BlackTitle "FM"]
[WhiteElo "2605"]
[BlackElo "2313"]
[WhiteTeam "Germany Bears"]
[BlackTeam "Poland Hussars"]
[WhiteFideId "4663527"]
[BlackFideId "1137158"]
[EventDate "2020.01.06"]

1. c4 e5 2. g3 f5 3. Bg2 Nf6 4. d4 e4 5. Nc3 Bb4 6. Nh3 O-O 7. O-O Bxc3 8. bxc3
d6 9. f3 c5 10. Bg5 exf3 11. Bxf3 Qe7 12. Qd3 Nc6 13. Nf4 Qf7 14. Nd5 Nxd5 15.
cxd5 c4 16. Qxc4 Na5 17. Qb4 Qc7 18. c4 b6 19. Rac1 Nb7 20. Bf4 Bd7 21. e4 fxe4
22. Bxe4 Rae8 23. Qb1 h6 24. Bh7+ Kh8 25. Bg6 Bh3 26. Rf2 Re7 27. Qd3 Qd7 28.
Qd2 Bf5 29. Bxh6 gxh6 30. Qxh6+ Kg8 31. Bxf5 Rxf5 32. Qg6+ 1-0

[Event "PRO League Group Stage"]
[Site "chess.com INT"]
[Date "2020.02.17"]
[Round "7"]
[White "Van Wely, Loek"]
[Black "Blomqvist, Erik"]
[Result "1-0"]
[WhiteTitle "GM"]
[BlackTitle "GM"]
[WhiteElo "2609"]
[BlackElo "2539"]
[WhiteTeam "Netherlands Mosquitoes"]
[BlackTeam "Sweden Wasabis"]
[WhiteFideId "1000268"]
[BlackFideId "1709437"]
[EventDate "2020.01.06"]

1. Nf3 c5 2. c4 Nf6 3. d4 cxd4 4. Nxd4 e6 5. g3 d5 6. Bg2 Bb4+ 7. Bd2 Qb6 8. O-O
O-O 9. Be3 e5 10. Nf3 d4 11. Bg5 h6 12. Bxf6 Qxf6 13. Nbd2 Nc6 14. a3 Be7 15. b4
Rd8 16. Ne1 Rb8 17. Nd3 Bg4 18. Re1 Qe6 19. Rc1 f5 20. Bd5 Rxd5 21. cxd5 Qxd5
22. f3 Bh5 23. Qb3 Qxb3 24. Nxb3 e4 25. Nf4 Bf7 26. Rxc6 bxc6 27. Nxd4 c5 28.
Nc6 Rb7 29. Nxe7+ Rxe7 30. bxc5 g5 31. Ng2 Rc7 32. Rc1 exf3 33. exf3 Kg7 34. Ne3
Kf6 35. f4 Be6 36. Kf2 Rc6 37. Ke2 Ke7 38. Kd3 Ra6 39. Rc3 Ra4 40. fxg5 hxg5 41.
Nc2 Bd5 42. Nd4 f4 43. c6 fxg3 44. hxg3 Kd8 45. c7+ Kc8 46. Nb5 Be4+ 47. Ke3 Bb7
48. Nd6+ Kd7 49. Nxb7 1-0

[Event "PRO League Group Stage"]
[Site "chess.com INT"]
[Date "2020.02.17"]
[Round "7"]
[White "Admiraal, Miguoel"]
[Black "Miezis, Normunds"]
[Result "1/2-1/2"]
[WhiteTitle "IM"]
[BlackTitle "GM"]
[WhiteElo "2498"]
[BlackElo "2484"]
[WhiteTeam "Netherlands Mosquitoes"]
[BlackTeam "Sweden Wasabis"]
[WhiteFideId "1019716"]
[BlackFideId "11600136"]
[EventDate "2020.01.06"]

1. c3 Nf6 2. d4 b6 3. Bg5 Bb7 4. Bxf6 exf6 5. Nd2 d5 6. g3 Bd6 7. Bg2 O-O 8. e3
Re8 9. Ne2 c6 10. O-O f5 11. c4 Nd7 12. cxd5 cxd5 13. Nc3 Nf6 14. Qb3 Bf8 15.
Rac1 Qd7 16. Nf3 Bd6 17. Rfd1 Rac8 18. Ne5 Bxe5 19. dxe5 Rxe5 20. Nxd5 Nxd5 21.
Rxc8+ Qxc8 22. Bxd5 Rxd5 23. Rxd5 Bxd5 24. Qxd5 g6 25. Kg2 Qc7 26. h4 h5 27. b4
Qe7 28. Qd2 Kg7 29. Qd4+ Kg8 30. Kf3 Qe6 31. a3 Kh7 32. Kf4 Qa2 33. f3 Qe6 34.
Qe5 Qd7 35. Kg5 Qd8+ 36. Qf6 Qe8 37. Qd4 Qe7+ 38. Kf4 f6 39. e4 Qc7+ 40. Ke3
fxe4 41. Qxf6 exf3 42. Kxf3 Qd7 43. Ke3 Qe8+ 44. Kd4 Qd7+ 45. Ke5 Qc7+ 46. Ke6
Qxg3 47. Qf7+ Kh6 48. Qf8+ Kh7 49. Qf7+ Kh6 50. Qf8+ Kh7 51. Qe7+ Kh6 52. Qf8+ 1/2-1/2

[Event "PRO League Group Stage"]
[Site "chess.com INT"]
[Date "2020.02.17"]
[Round "7"]
[White "Hellers, Ferdinand"]
[Black "Klein, David"]
[Result "1-0"]
[WhiteTitle "GM"]
[BlackTitle "GM"]
[WhiteElo "2592"]
[BlackElo "2495"]
[WhiteTeam "Sweden Wasabis"]
[BlackTeam "Netherlands Mosquitoes"]
[WhiteFideId "1700022"]
[BlackFideId "1003623"]
[EventDate "2020.01.06"]

1. e4 c5 2. Nf3 e6 3. d4 cxd4 4. Nxd4 Nc6 5. Nc3 Qc7 6. g3 d6 7. Bg2 a6 8. O-O
Bd7 9. Re1 Be7 10. Nxc6 Bxc6 11. Qg4 h5 12. Qe2 h4 13. a4 Nf6 14. a5 Rc8 15. Be3
Nd7 16. Bd4 hxg3 17. hxg3 Bf6 18. Red1 Bxd4 19. Rxd4 e5 20. Rd2 Nf6 21. Qe3 Ke7
22. Rad1 Rcd8 23. b4 Rh6 24. Bf3 Qc8 25. Bg2 Qe6 26. Rd3 Qc4 27. Nd5+ Bxd5 28.
exd5 Qxb4 29. Rb3 Qxa5 30. Rxb7+ Rd7 31. Rdb1 Qa4 32. c3 Rh5 33. Qe2 Rh8 34. c4
Rc8 35. Bh3 Qxc4 36. Qxc4 Rxc4 37. Bxd7 Nxd7 38. Ra7 Rc8 39. Rbb7 Rd8 40. Rxa6
e4 41. Kf1 f5 42. Ke2 g5 43. Ke3 Rc8 44. Raa7 Rd8 45. g4 fxg4 46. Kxe4 Ke8 47.
Kf5 Ne5 48. Rh7 Nd7 49. Rh8+ Nf8 50. Kf6 Rc8 51. Re7+ Kd8 52. Rxf8# 1-0

[Event "PRO League Group Stage"]
[Site "chess.com INT"]
[Date "2020.02.17"]
[Round "7"]
[White "Neiksans, Arturs"]
[Black "Van der Lende, Ilias"]
[Result "1-0"]
[WhiteTitle "GM"]
[BlackTitle "IM"]
[WhiteElo "2560"]
[BlackElo "2393"]
[WhiteTeam "Sweden Wasabis"]
[BlackTeam "Netherlands Mosquitoes"]
[WhiteFideId "11601388"]
[BlackFideId "1019260"]
[EventDate "2020.01.06"]

1. e4 e6 2. d3 c5 3. g3 Nc6 4. Bg2 g6 5. f4 Bg7 6. Nf3 d5 7. O-O dxe4 8. dxe4
Qxd1 9. Rxd1 Nge7 10. c3 b6 11. Na3 Ba6 12. Bf1 Bxf1 13. Kxf1 O-O 14. Be3 Rfd8
15. Nb5 Na5 16. Na3 h6 17. Ke2 f5 18. e5 Nd5 19. Rd2 Nxe3 20. Kxe3 Rxd2 21. Nxd2
Bf8 22. Ndc4 Nxc4+ 23. Nxc4 Rd8 24. a4 Kf7 25. Ke2 Ke8 26. Rg1 g5 27. g4 fxg4
28. Rxg4 Be7 29. Rg3 Kf7 30. Rd3 Rxd3 31. Kxd3 gxf4 32. Ke4 Bg5 33. Nd6+ Kg6 34.
Kf3 Bd8 35. Kxf4 Bg5+ 36. Ke4 Bc1 37. b3 Bb2 38. c4 Kg5 39. Nc8 a5 40. Nxb6 Kg4
41. Nd7 Bd4 42. Nf8 h5 43. Nxe6 Bg1 44. h3+ Kxh3 45. Nf4+ Kg4 46. e6 1-0

[Event "PRO League Group Stage"]
[Site "chess.com INT"]
[Date "2020.02.17"]
[Round "7"]
[White "Narciso Dublan, Marc"]
[Black "Holm, Kristian Stuvik"]
[Result "0-1"]
[WhiteTitle "GM"]
[BlackTitle "IM"]
[WhiteElo "2491"]
[BlackElo "2484"]
[WhiteTeam "Spain Raptors"]
[BlackTeam "Norway Gnomes"]
[WhiteFideId "2201500"]
[BlackFideId "1508083"]
[EventDate "2020.01.06"]

1. e4 e5 2. Nf3 Nc6 3. Bb5 Nf6 4. d3 Bc5 5. Bxc6 dxc6 6. O-O Qe7 7. Nbd2 Bg4 8.
a3 a5 9. h3 Bh5 10. Nc4 Nd7 11. Bd2 a4 12. g4 Bg6 13. Bc3 f6 14. Nh4 Nf8 15. Nf5
Qd7 16. Bxe5 Bxf5 17. exf5 fxe5 18. Nxe5 Qd5 19. c4 Qd6 20. Re1 O-O-O 21. Kg2
Qf6 22. Qxa4 Kb8 23. Qc2 Nd7 24. f4 h5 25. Ng6 Rhe8 26. Re4 hxg4 27. hxg4 Nf8
28. Ne5 g6 29. fxg6 Bd4 30. Rae1 Bxe5 31. Rxe5 Rxe5 32. Rxe5 Nxg6 33. Re4 Nxf4+
34. Kg1 Nh3+ 35. Kg2 Nf4+ 36. Kg1 Nxd3 37. Qe2 Nc5 38. Re8 Qd4+ 0-1

[Event "PRO League Group Stage"]
[Site "chess.com INT"]
[Date "2020.02.17"]
[Round "7"]
[White "Diaz Camallonga, Carles"]
[Black "Niemann, Hans Moke"]
[Result "1/2-1/2"]
[WhiteTitle "IM"]
[BlackTitle "IM"]
[WhiteElo "2474"]
[BlackElo "2465"]
[WhiteTeam "Spain Raptors"]
[BlackTeam "Norway Gnomes"]
[WhiteFideId "22235256"]
[BlackFideId "2093596"]
[EventDate "2020.01.06"]

1. e4 c5 2. Nf3 Nc6 3. d4 cxd4 4. Nxd4 Nf6 5. Nc3 d6 6. g3 e5 7. Nb3 Be6 8. Bg2
Be7 9. O-O O-O 10. Nd5 Rc8 11. c3 h6 12. h3 a5 13. a4 Bxd5 14. exd5 Nb8 15. f4
Nfd7 16. Kh2 Na6 17. Be3 Nac5 18. Nxc5 Nxc5 19. fxe5 dxe5 20. Qg4 Qd7 21. Qxd7
Nxd7 22. d6 Bxd6 23. Rad1 Bc5 24. Rxd7 Bxe3 25. Bd5 Kh8 26. Rfxf7 Rxf7 27. Rxf7
b6 28. h4 Bc1 29. Rf2 Rd8 30. c4 Be3 31. Rf3 Bc5 32. b3 Rf8 33. Rxf8+ Bxf8 34.
h5 Bc5 35. Kg2 Bd4 36. Kf3 Bc5 37. Ke4 Bd4 38. g4 Bc3 39. Kf5 Bd4 40. Ke6 Bc3
41. Kd7 Bd4 42. Kc6 Bc5 43. Kb5 Bd4 44. b4 axb4 45. Kxb4 e4 46. Bxe4 Kg8 47. Kb5
Kf7 48. c5 bxc5 49. Kc4 Ke7 50. a5 Be5 51. Kd5 Bb8 52. Kxc5 Kd7 53. Kb6 Bc7+ 54.
Kb5 Kc8 55. a6 Kb8 56. Kc6 Be5 57. Kd5 Ba1 58. Ke6 Ka7 59. Kf7 Bb2 1/2-1/2

[Event "PRO League Group Stage"]
[Site "chess.com INT"]
[Date "2020.02.17"]
[Round "7"]
[White "Hammer, Jon Ludvig"]
[Black "Asis Gargatagli, Hipolito"]
[Result "1/2-1/2"]
[WhiteTitle "GM"]
[BlackTitle "GM"]
[WhiteElo "2628"]
[BlackElo "2490"]
[WhiteTeam "Norway Gnomes"]
[BlackTeam "Spain Raptors"]
[WhiteFideId "1503707"]
[BlackFideId "2260735"]
[EventDate "2020.01.06"]

1. c4 g6 2. g3 Bg7 3. Bg2 c5 4. Nc3 Nc6 5. Nf3 d6 6. O-O e6 7. e3 Nge7 8. d4 O-O
9. Re1 b6 10. b3 Bb7 11. Bb2 Rc8 12. Qd2 Na5 13. d5 exd5 14. cxd5 Nxd5 15. Nxd5
Bxb2 16. Qxb2 Bxd5 17. Rad1 Bxf3 18. Bxf3 Qe7 19. h4 Nc6 20. Bxc6 Rxc6 21. Rd5
h5 22. Qe2 Re8 23. Red1 Qe6 24. Qb5 Rec8 25. Qa4 R8c7 26. Qa6 Kg7 27. Qa4 Qf6
28. Qb5 c4 29. bxc4 Rxc4 30. Rxd6 Rc1 31. Qd3 Qf3 32. Qd4+ Kh7 33. Rd8 Qxd1+ 34.
Qxd1 Kg7 35. Kg2 Rxd1 36. Rxd1 Rc2 37. a4 Rc4 38. a5 bxa5 39. Rd7 Ra4 40. Rxa7
Ra2 41. Kf3 Kf6 42. e4 Ke6 43. Ke3 a4 44. f3 a3 45. Kf4 Ra1 46. Ra6+ Kd7 47. Kg5
a2 48. f4 Rg1 49. Rxa2 Rxg3+ 50. Kf6 Rg4 51. Ra7+ Kd8 52. Kxf7 Rxf4+ 53. Kxg6
Rxh4 54. e5 Rf4 55. e6 Ke8 56. Rh7 Rf1 57. Rxh5 Ke7 58. Kg5 Kxe6 59. Kg4 1/2-1/2